| 000 | 00585nam a2200181Ia 4500 | ||
|---|---|---|---|
| 008 | 090124s9999 xx 000 0 und d | ||
| 082 | _b33986 | ||
| 100 | _aजोगऴेकर का. गो. | ||
| 245 | _a रिंगण रेषेवरून | ||
| 250 | _a1 | ||
| 260 |
_bमोरया प्रकाशन _c1997 |
||
| 300 | _a250 | ||
| 600 | _aजोगऴेकर का. गो. | ||
| 630 | _a रिंगण रेषेवरून | ||
| 700 | _aजोगऴेकर का. गो. | ||
| 730 | _a रिंगण रेषेवरून | ||
| 942 | _cBOOK | ||
| 999 |
_c99908 _d99908 |
||